| 000 | 00554nam a2200181 a 4500 | ||
|---|---|---|---|
| 001 | BRCA_1063 | ||
| 005 | 20190320203249.0 | ||
| 008 | 080508s1981----fi-a---###---#000-0#eng-# | ||
| 020 | _a9519931457 | ||
| 041 |
_aeng _hfin |
||
| 050 | 4 |
_aNK1471.F5 _b.T37 1981 |
|
| 245 | 1 | 0 | _aTapio Wirkkala. |
| 260 |
_aHelsinki, Finlandia _bThe Finnish Society of Crafts and Desing _c1981 |
||
| 300 |
_a210 p. _bil. (algunas a color) _c26 cm. |
||
| 600 | 1 | 4 |
_aWirkkala, Tapio _d1915- _93501 |
| 650 | 1 | 4 |
_aDiseƱo industrial _xHistoria _ySiglo XX _zFinlandia _93418 |
| 942 |
_2lcc _cB |
||
| 999 |
_c942 _d942 |
||